000 00402nam a2200145 i 4500
001 bg
100 1 _aHOLLI, Zbigniew
245 0 _aNiektóre elementy rachunku kosztów w budownictwie :
_bekonomika i zarządzanie /
_cZbigniew Holli, Jerzy Ring.
260 _aWarszawa,
_c1972.
700 1 _aRING, Jerzy
040 _cBPK
041 _apol
942 _cKS
008 s pl f |000 0 pol
999 _c26093
_d26093
856 _uhttp://koha.tu.koszalin.pl/cgi-bin/koha/opac-detail.pl?biblionumber=26093
_yKatalog online BPK